00541nam a22001817a 4500003000400000008004100004082001700045100001800062245011700080260006800197300001000265502001700275650001700292650001200309650001600321650001100337650001100348OSt260429b |||||||| |||| 00| 0 eng d a634.44bR95C aRoy, Shukdeo. aComparative Evaluation of Some Graftage Techniques in Mango (Mangifera indica L.) Propagation / cby Shukdeo Roy a.- Sabour, Bhagalpurb: Bihar Agricultural College, RAUc, 1988 a145p. bPh. D.d1988 aHorticulture aMangoes aPropagation aThesis aPh. D.